Manual del promotor cultural / (Record no. 37292)
[ view plain ]
| 000 -LEADER | |
|---|---|
| fixed length control field | 00639nam a22001937a 4500 |
| 008 - FIXED-LENGTH DATA ELEMENTS--GENERAL INFORMATION | |
| fixed length control field | 130429t mx||||| |||| 00| 0 spa d |
| 050 ## - LIBRARY OF CONGRESS CALL NUMBER | |
| Classification number | HM621 |
| Item number | C65 1980 |
| 100 1# - MAIN ENTRY--PERSONAL NAME | |
| Personal name | Colombres, Adolfo |
| 245 10 - TITLE STATEMENT | |
| Title | Manual del promotor cultural / |
| Statement of responsibility, etc | Adolfo Colombres |
| 250 ## - EDITION STATEMENT | |
| Edition statement | 1a ed. |
| 260 ## - PUBLICATION, DISTRIBUTION, ETC. (IMPRINT) | |
| Place of publication, distribution, etc | México : |
| Name of publisher, distributor, etc | Centro Cultural Mazahua, |
| Date of publication, distribution, etc | 1980 |
| 300 ## - PHYSICAL DESCRIPTION | |
| Extent | v. ; |
| Dimensions | 20 cm. |
| 504 ## - BIBLIOGRAPHY, ETC. NOTE | |
| Bibliography, etc | Incluye índice |
| 505 ## - FORMATTED CONTENTS NOTE | |
| Formatted contents note | Contenido: |
| Miscellaneous information | V.II |t. La acción práctica -- V.III |t Documentos y materiales de trabajo-- |
| 650 #4 - SUBJECT ADDED ENTRY--TOPICAL TERM | |
| Topical term or geographic name as entry element | Cultura popular |
| Geographic subdivision | America Latina |
| 650 #4 - SUBJECT ADDED ENTRY--TOPICAL TERM | |
| Topical term or geographic name as entry element | Participación social |
| 650 #4 - SUBJECT ADDED ENTRY--TOPICAL TERM | |
| Topical term or geographic name as entry element | Indios de México |
| 942 ## - ADDED ENTRY ELEMENTS (KOHA) | |
| Source of classification or shelving scheme | Biblioteca del Cogreso de los Estados Unidos |
| Koha item type | Libro |
| Estado de pérdida | Fuente de clasificación | Estado del daño | No para préstamo | Ubicación permanente | Ubicación actual | Fecha de adquisición | Fuente de adquisición | Enumeración de Serie / Cronológica | Clasificación | Código de Barras | Date last seen | Número de copia | Tipo de recurso | Nota pública |
|---|---|---|---|---|---|---|---|---|---|---|---|---|---|---|
| Biblioteca del Cogreso de los Estados Unidos | Biblioteca de la Facultad de Letras | Biblioteca de la Facultad de Letras | 29/04/2013 | LLH000002394 | HM621 C65 1980 V.II | LLH000002394 | 16/01/2015 | V.II C:1 | Libro | General | ||||
| Biblioteca del Cogreso de los Estados Unidos | Biblioteca de la Facultad de Letras | Biblioteca de la Facultad de Letras | 29/04/2013 | LLH000002395 | HM621 C65 1980 V.III | LLH000002395 | 29/04/2013 | V.III C:1 | Libro | General |